[Event "DEM U12w 2025"]
[Site "Willingen GER"]
[Date "2025.06.14"]
[Round "9"]
[White "Heidtkamp, Anna"]
[Black "Szymil, Alicja"]
[Result "1-0"]
[Termination "normal"]
[Board "9"]
[WhiteElo "1555"]
[BlackElo "1476"]
[WhiteClock "00:42:01"]
[BlackClock "01:00:03"]
[PlyCount "51"]
[WhiteFideId "16269012"]
[BlackFideId "34654240"]
[EventCountry "GER"]
[EventRounds "9"]
[EventType "swiss"]
[EventDate "2025.06.07"]

1. d4 {[%clk 01:30:59]} {[%emt 00:00:01]} f5 {[%clk 01:30:56]} {[%emt
00:00:04]} 2. Bf4 {[%clk 01:31:24]} {[%emt 00:00:05]} Nf6 {[%clk 01:31:16]}
{[%emt 00:00:09]} 3. e3 {[%clk 01:31:51]} {[%emt 00:00:03]} e6 {[%clk
01:31:38]} {[%emt 00:00:08]} 4. Bd3 {[%clk 01:32:18]} {[%emt 00:00:04]} d5
{[%clk 01:31:54]} {[%emt 00:00:14]} 5. Nf3 {[%clk 01:32:44]} {[%emt 00:00:04]}
Be7 {[%clk 01:32:01]} {[%emt 00:00:22]} 6. Nbd2 {[%clk 01:33:10]} {[%emt
00:00:05]} O-O {[%clk 01:32:09]} {[%emt 00:00:22]} 7. O-O {[%clk 01:33:35]}
{[%emt 00:00:05]} Nbd7 {[%clk 01:32:29]} {[%emt 00:00:09]} 8. c3 {[%clk
01:33:57]} {[%emt 00:00:09]} Ne4 {[%clk 01:32:39]} {[%emt 00:00:20]} 9. Bxe4
{[%clk 01:32:19]} {[%emt 00:02:08]} fxe4 {[%clk 01:32:55]} {[%emt 00:00:14]}
10. Ne5 {[%clk 01:32:42]} {[%emt 00:00:07]} Nxe5 {[%clk 01:32:52]} {[%emt
00:00:32]} 11. Bxe5 {[%clk 01:26:25]} {[%emt 00:06:48]} Bd7 {[%clk 01:30:41]}
{[%emt 00:02:40]} 12. Qg4 {[%clk 01:25:46]} {[%emt 00:01:10]} Bf6 {[%clk
01:30:46]} {[%emt 00:00:25]} 13. Qg3 {[%clk 01:22:50]} {[%emt 00:03:26]} c6
{[%clk 01:29:06]} {[%emt 00:02:08]} 14. Bxf6 {[%clk 01:15:35]} {[%emt
00:07:47]} Qxf6 {[%clk 01:28:06]} {[%emt 00:01:29]} 15. f3 {[%clk 01:11:49]}
{[%emt 00:04:17]} exf3 {[%clk 01:24:07]} {[%emt 00:04:29]} 16. Rxf3 {[%clk
01:11:20]} {[%emt 00:00:59]} Qe7 {[%clk 01:24:21]} {[%emt 00:00:15]} 17. Qc7
{[%clk 01:09:28]} {[%emt 00:02:22]} Rxf3 {[%clk 01:23:44]} {[%emt 00:01:06]}
18. Nxf3 {[%clk 01:07:44]} {[%emt 00:02:15]} Qd8 {[%clk 01:16:18]} {[%emt
00:07:54]} 19. Qxb7 {[%clk 01:05:33]} {[%emt 00:02:43]} Rb8 {[%clk 01:14:02]}
{[%emt 00:02:46]} 20. Qxa7 {[%clk 01:05:54]} {[%emt 00:00:10]} Rxb2 {[%clk
01:14:27]} {[%emt 00:00:04]} 21. Rf1 {[%clk 01:02:29]} {[%emt 00:03:55]} h6
{[%clk 01:10:07]} {[%emt 00:04:50]} 22. Rf2 {[%clk 00:56:45]} {[%emt 00:06:14]}
Rb1+ {[%clk 01:10:09]} {[%emt 00:00:29]} 23. Rf1 {[%clk 00:57:08]} {[%emt
00:00:06]} Rb2 {[%clk 01:10:35]} {[%emt 00:00:05]} 24. Qa3 {[%clk 00:47:12]}
{[%emt 00:10:26]} Re2 {[%clk 01:01:56]} {[%emt 00:09:07]} 25. Ne5 {[%clk
00:42:04]} {[%emt 00:05:40]} Qg5 {[%clk 01:00:03]} {[%emt 00:02:23]} 26. Rf8+
{[%clk 00:42:01]} {[%emt 00:00:33]} 1-0

[Event "DEM U12w 2025"]
[Site "Willingen GER"]
[Date "2025.06.14"]
[Round "9"]
[White "Ratushna, Olha"]
[Black "Lukas, Olivia"]
[Result "0-1"]
[Termination "normal"]
[Board "10"]
[WhiteElo "1734"]
[BlackElo "1585"]
[WhiteClock "00:52:11"]
[BlackClock "00:21:53"]
[PlyCount "96"]
[WhiteFideId "34172602"]
[BlackFideId "34632239"]
[EventCountry "GER"]
[EventRounds "9"]
[EventType "swiss"]
[EventDate "2025.06.07"]

1. e4 {[%clk 01:30:57]} {[%emt 00:00:02]} e5 {[%clk 01:30:57]} {[%emt
00:00:04]} 2. Nf3 {[%clk 01:31:22]} {[%emt 00:00:05]} Nc6 {[%clk 01:31:24]}
{[%emt 00:00:03]} 3. Nc3 {[%clk 01:31:46]} {[%emt 00:00:06]} Nf6 {[%clk
01:31:51]} {[%emt 00:00:02]} 4. d4 {[%clk 01:32:11]} {[%emt 00:00:05]} exd4
{[%clk 01:31:52]} {[%emt 00:00:29]} 5. Nxd4 {[%clk 01:32:37]} {[%emt 00:00:04]}
Bb4 {[%clk 01:32:10]} {[%emt 00:00:13]} 6. Nxc6 {[%clk 01:33:04]} {[%emt
00:00:02]} bxc6 {[%clk 01:32:35]} {[%emt 00:00:05]} 7. Bd3 {[%clk 01:33:28]}
{[%emt 00:00:06]} O-O {[%clk 01:32:46]} {[%emt 00:00:20]} 8. O-O {[%clk
01:33:37]} {[%emt 00:00:20]} d5 {[%clk 01:32:58]} {[%emt 00:00:18]} 9. exd5
{[%clk 01:34:01]} {[%emt 00:00:06]} cxd5 {[%clk 01:33:24]} {[%emt 00:00:04]}
10. Bg5 {[%clk 01:34:21]} {[%emt 00:00:10]} c6 {[%clk 01:33:39]} {[%emt
00:00:15]} 11. Qf3 {[%clk 01:34:08]} {[%emt 00:00:43]} Be7 {[%clk 01:34:04]}
{[%emt 00:00:06]} 12. h3 {[%clk 01:33:48]} {[%emt 00:00:49]} Be6 {[%clk
01:33:34]} {[%emt 00:00:59]} 13. Rfe1 {[%clk 01:33:42]} {[%emt 00:00:36]} Rb8
{[%clk 01:33:44]} {[%emt 00:00:21]} 14. b3 {[%clk 01:32:05]} {[%emt 00:02:08]}
Bb4 {[%clk 01:31:46]} {[%emt 00:02:27]} 15. Bd2 {[%clk 01:31:18]} {[%emt
00:01:16]} Re8 {[%clk 01:03:27]} {[%emt 00:28:49]} 16. a3 {[%clk 01:30:51]}
{[%emt 00:00:59]} Bc5 {[%clk 01:02:19]} {[%emt 00:01:37]} 17. Ne2 {[%clk
01:29:41]} {[%emt 00:01:41]} Ne4 {[%clk 00:58:48]} {[%emt 00:04:00]} 18. Be3
{[%clk 01:23:38]} {[%emt 00:06:33]} Bxe3 {[%clk 00:51:40]} {[%emt 00:07:36]}
19. Qxe3 {[%clk 01:23:54]} {[%emt 00:00:14]} Qd7 {[%clk 00:44:38]} {[%emt
00:07:34]} 20. Bxe4 {[%clk 01:23:31]} {[%emt 00:00:53]} dxe4 {[%clk 00:44:45]}
{[%emt 00:00:22]} 21. Rad1 {[%clk 01:23:37]} {[%emt 00:00:24]} Qc7 {[%clk
00:44:12]} {[%emt 00:01:03]} 22. Qg3 {[%clk 01:19:00]} {[%emt 00:05:06]} Qxg3
{[%clk 00:41:11]} {[%emt 00:03:33]} 23. Nxg3 {[%clk 01:16:18]} {[%emt
00:03:12]} f5 {[%clk 00:39:57]} {[%emt 00:01:43]} 24. Ne2 {[%clk 01:14:13]}
{[%emt 00:02:35]} g6 {[%clk 00:39:13]} {[%emt 00:01:15]} 25. Nf4 {[%clk
01:14:14]} {[%emt 00:00:28]} Bf7 {[%clk 00:38:44]} {[%emt 00:00:59]} 26. Rd7
{[%clk 01:13:54]} {[%emt 00:00:49]} a5 {[%clk 00:36:08]} {[%emt 00:03:08]} 27.
h4 {[%clk 01:14:09]} {[%emt 00:00:15]} h6 {[%clk 00:32:44]} {[%emt 00:03:54]}
28. Rd6 {[%clk 01:13:02]} {[%emt 00:01:29]} g5 {[%clk 00:31:55]} {[%emt
00:01:25]} 29. hxg5 {[%clk 01:13:26]} {[%emt 00:00:08]} hxg5 {[%clk 00:32:21]}
{[%emt 00:00:03]} 30. Nh3 {[%clk 01:13:35]} {[%emt 00:00:20]} g4 {[%clk
00:29:32]} {[%emt 00:03:20]} 31. Nf4 {[%clk 01:13:28]} {[%emt 00:00:38]} Rbc8
{[%clk 00:28:51]} {[%emt 00:01:11]} 32. Re3 {[%clk 01:11:07]} {[%emt 00:02:51]}
c5 {[%clk 00:26:19]} {[%emt 00:03:03]} 33. Ra6 {[%clk 01:10:51]} {[%emt
00:00:43]} Ra8 {[%clk 00:25:29]} {[%emt 00:01:22]} 34. Rc6 {[%clk 01:10:08]}
{[%emt 00:01:12]} Rac8 {[%clk 00:25:52]} {[%emt 00:00:08]} 35. Rf6 {[%clk
01:05:46]} {[%emt 00:04:49]} Re5 {[%clk 00:26:10]} {[%emt 00:00:14]} 36. Nd3
{[%clk 01:02:33]} {[%emt 00:03:38]} Rd5 {[%clk 00:26:26]} {[%emt 00:00:20]} 37.
Nb2 {[%clk 01:02:47]} {[%emt 00:00:13]} Kg7 {[%clk 00:25:26]} {[%emt 00:01:32]}
38. Ra6 {[%clk 01:02:50]} {[%emt 00:00:24]} Rd2 {[%clk 00:25:13]} {[%emt
00:00:46]} 39. Rc3 {[%clk 01:02:15]} {[%emt 00:01:03]} f4 {[%clk 00:22:31]}
{[%emt 00:03:14]} 40. Rxa5 {[%clk 01:00:58]} {[%emt 00:01:47]} Rcd8 {[%clk
00:21:45]} {[%emt 00:01:17]} 41. Raxc5 {[%clk 00:59:59]} {[%emt 00:01:29]} Kf6
{[%clk 00:21:34]} {[%emt 00:00:40]} 42. a4 {[%clk 00:59:12]} {[%emt 00:01:18]}
Re2 {[%clk 00:21:15]} {[%emt 00:00:49]} 43. Rc6+ {[%clk 00:54:40]} {[%emt
00:05:01]} Be6 {[%clk 00:21:30]} {[%emt 00:00:16]} 44. Rb6 {[%clk 00:53:16]}
{[%emt 00:01:52]} Re1+ {[%clk 00:20:24]} {[%emt 00:01:38]} 45. Kh2 {[%clk
00:53:32]} {[%emt 00:00:13]} Rh8+ {[%clk 00:20:51]} {[%emt 00:00:04]} 46. Rh3
{[%clk 00:53:39]} {[%emt 00:00:23]} gxh3 {[%clk 00:21:15]} {[%emt 00:00:06]}
47. g4 {[%clk 00:52:16]} {[%emt 00:01:53]} fxg3+ {[%clk 00:21:38]} {[%emt
00:00:07]} 48. Kxg3 {[%clk 00:52:11]} {[%emt 00:00:35]} h2 {[%clk 00:21:53]}
{[%emt 00:00:15]} 0-1

[Event "DEM U12w 2025"]
[Site "Willingen GER"]
[Date "2025.06.14"]
[Round "9"]
[White "Gubler, Sarah"]
[Black "Hendler, Felicitas"]
[Result "1-0"]
[Termination "normal"]
[Board "11"]
[WhiteElo "1742"]
[BlackElo "1519"]
[WhiteClock "00:14:54"]
[BlackClock "00:39:53"]
[PlyCount "71"]
[WhiteFideId "533040699"]
[BlackFideId "34616519"]
[EventCountry "GER"]
[EventRounds "9"]
[EventType "swiss"]
[EventDate "2025.06.07"]

1. e4 {[%clk 01:30:57]} {[%emt 00:00:02]} c5 {[%clk 01:30:36]} {[%emt
00:00:26]} 2. Nf3 {[%clk 01:31:00]} {[%emt 00:00:26]} g6 {[%clk 01:30:14]}
{[%emt 00:00:51]} 3. c3 {[%clk 01:29:19]} {[%emt 00:02:12]} Bg7 {[%clk
01:26:18]} {[%emt 00:04:25]} 4. d4 {[%clk 01:28:05]} {[%emt 00:01:46]} cxd4
{[%clk 01:24:42]} {[%emt 00:02:06]} 5. cxd4 {[%clk 01:28:14]} {[%emt 00:00:21]}
Nc6 {[%clk 01:21:03]} {[%emt 00:04:08]} 6. Bb5 {[%clk 01:24:07]} {[%emt
00:04:37]} Nf6 {[%clk 01:18:46]} {[%emt 00:02:47]} 7. Nc3 {[%clk 01:21:26]}
{[%emt 00:03:11]} O-O {[%clk 01:18:01]} {[%emt 00:01:14]} 8. O-O {[%clk
01:19:15]} {[%emt 00:02:42]} Qc7 {[%clk 01:16:16]} {[%emt 00:02:14]} 9. h3
{[%clk 01:15:04]} {[%emt 00:04:41]} Rd8 {[%clk 01:11:26]} {[%emt 00:05:20]} 10.
e5 {[%clk 01:12:34]} {[%emt 00:03:00]} Ne8 {[%clk 01:10:49]} {[%emt 00:01:07]}
11. Nd5 {[%clk 01:08:38]} {[%emt 00:04:27]} Qa5 {[%clk 01:08:12]} {[%emt
00:03:07]} 12. Bxc6 {[%clk 01:08:16]} {[%emt 00:00:52]} dxc6 {[%clk 01:07:48]}
{[%emt 00:00:53]} 13. Nxe7+ {[%clk 01:08:07]} {[%emt 00:00:39]} Kf8 {[%clk
01:07:23]} {[%emt 00:00:56]} 14. Nxc8 {[%clk 01:08:24]} {[%emt 00:00:13]} Raxc8
{[%clk 01:07:37]} {[%emt 00:00:15]} 15. Bd2 {[%clk 01:00:22]} {[%emt 00:08:33]}
Qb6 {[%clk 01:04:54]} {[%emt 00:03:12]} 16. Bc3 {[%clk 00:56:54]} {[%emt
00:03:59]} Nc7 {[%clk 01:02:51]} {[%emt 00:02:32]} 17. Ng5 {[%clk 00:52:56]}
{[%emt 00:04:27]} h6 {[%clk 01:01:03]} {[%emt 00:02:19]} 18. Ne4 {[%clk
00:52:03]} {[%emt 00:01:23]} Nb5 {[%clk 00:59:36]} {[%emt 00:01:58]} 19. Bb4+
{[%clk 00:50:11]} {[%emt 00:02:20]} Kg8 {[%clk 00:59:14]} {[%emt 00:00:53]} 20.
Bc5 {[%clk 00:50:09]} {[%emt 00:00:33]} Qa5 {[%clk 00:57:56]} {[%emt 00:01:47]}
21. a4 {[%clk 00:48:53]} {[%emt 00:01:47]} Nxd4 {[%clk 00:57:13]} {[%emt
00:01:13]} 22. b4 {[%clk 00:39:41]} {[%emt 00:09:42]} Qc7 {[%clk 00:57:07]}
{[%emt 00:00:34]} 23. Nd6 {[%clk 00:35:19]} {[%emt 00:04:54]} Nf5 {[%clk
00:56:00]} {[%emt 00:01:37]} 24. Qe2 {[%clk 00:31:53]} {[%emt 00:03:56]} Nxd6
{[%clk 00:54:03]} {[%emt 00:02:27]} 25. Bxd6 {[%clk 00:31:37]} {[%emt
00:00:46]} Qd7 {[%clk 00:53:49]} {[%emt 00:00:44]} 26. Rad1 {[%clk 00:30:51]}
{[%emt 00:01:17]} Qe6 {[%clk 00:52:01]} {[%emt 00:02:17]} 27. Qe3 {[%clk
00:29:37]} {[%emt 00:01:42]} Re8 {[%clk 00:48:59]} {[%emt 00:03:33]} 28. Rfe1
{[%clk 00:27:29]} {[%emt 00:02:38]} Rcd8 {[%clk 00:47:43]} {[%emt 00:01:46]}
29. Qxa7 {[%clk 00:25:19]} {[%emt 00:02:41]} Bf8 {[%clk 00:42:05]} {[%emt
00:06:07]} 30. Qxb7 {[%clk 00:22:55]} {[%emt 00:02:55]} Bxd6 {[%clk 00:41:51]}
{[%emt 00:00:43]} 31. exd6 {[%clk 00:22:42]} {[%emt 00:00:44]} Qb3 {[%clk
00:41:28]} {[%emt 00:00:53]} 32. d7 {[%clk 00:21:01]} {[%emt 00:02:10]} Rf8
{[%clk 00:40:59]} {[%emt 00:00:59]} 33. Ra1 {[%clk 00:19:51]} {[%emt 00:01:39]}
Qd5 {[%clk 00:40:35]} {[%emt 00:00:55]} 34. Red1 {[%clk 00:18:12]} {[%emt
00:02:09]} Qe6 {[%clk 00:40:22]} {[%emt 00:00:42]} 35. a5 {[%clk 00:17:51]}
{[%emt 00:00:53]} Qf6 {[%clk 00:39:53]} {[%emt 00:00:58]} 36. a6 {[%clk
00:14:54]} {[%emt 00:03:28]} 1-0

[Event "DEM U12w 2025"]
[Site "Willingen GER"]
[Date "2025.06.14"]
[Round "9"]
[White "Didas, Emma"]
[Black "Kübart, Ela Marie"]
[Result "0-1"]
[Termination "normal"]
[Board "12"]
[WhiteElo "1461"]
[BlackElo "1620"]
[WhiteClock "00:21:30"]
[BlackClock "00:29:50"]
[PlyCount "165"]
[WhiteFideId "34681612"]
[BlackFideId "34633723"]
[EventCountry "GER"]
[EventRounds "9"]
[EventType "swiss"]
[EventDate "2025.06.07"]

1. e4 {[%clk 01:30:59]} {[%emt 00:00:01]} e6 {[%clk 01:30:57]} {[%emt
00:00:04]} 2. d4 {[%clk 01:31:23]} {[%emt 00:00:05]} d5 {[%clk 01:31:24]}
{[%emt 00:00:04]} 3. Nd2 {[%clk 01:31:46]} {[%emt 00:00:06]} dxe4 {[%clk
01:31:48]} {[%emt 00:00:06]} 4. Nxe4 {[%clk 01:32:09]} {[%emt 00:00:06]} Nd7
{[%clk 01:31:54]} {[%emt 00:00:25]} 5. Nf3 {[%clk 01:32:20]} {[%emt 00:00:19]}
Ngf6 {[%clk 01:32:16]} {[%emt 00:00:07]} 6. Nxf6+ {[%clk 01:32:38]} {[%emt
00:00:13]} Nxf6 {[%clk 01:32:39]} {[%emt 00:00:07]} 7. c3 {[%clk 01:33:05]}
{[%emt 00:00:03]} c5 {[%clk 01:32:32]} {[%emt 00:00:37]} 8. Be3 {[%clk
01:33:28]} {[%emt 00:00:06]} Qc7 {[%clk 01:32:54]} {[%emt 00:00:08]} 9. Bd3
{[%clk 01:32:26]} {[%emt 00:01:32]} Bd6 {[%clk 01:31:07]} {[%emt 00:02:17]} 10.
h3 {[%clk 01:27:36]} {[%emt 00:05:21]} O-O {[%clk 01:31:16]} {[%emt 00:00:20]}
11. Qc2 {[%clk 01:27:28]} {[%emt 00:00:38]} c4 {[%clk 01:31:02]} {[%emt
00:00:45]} 12. Be2 {[%clk 01:25:30]} {[%emt 00:02:24]} b5 {[%clk 01:30:04]}
{[%emt 00:01:32]} 13. b3 {[%clk 01:23:49]} {[%emt 00:02:11]} Bb7 {[%clk
01:26:12]} {[%emt 00:04:22]} 14. bxc4 {[%clk 01:20:28]} {[%emt 00:03:52]} bxc4
{[%clk 01:26:20]} {[%emt 00:00:21]} 15. O-O {[%clk 01:18:35]} {[%emt 00:02:21]}
Ne4 {[%clk 01:24:56]} {[%emt 00:01:55]} 16. Rab1 {[%clk 01:16:17]} {[%emt
00:02:43]} Bd5 {[%clk 01:24:15]} {[%emt 00:01:17]} 17. Qa4 {[%clk 01:11:25]}
{[%emt 00:05:12]} Nxc3 {[%clk 01:24:07]} {[%emt 00:00:48]} 18. Qc2 {[%clk
01:10:16]} {[%emt 00:01:38]} Nxb1 {[%clk 01:24:14]} {[%emt 00:00:24]} 19. Rxb1
{[%clk 01:10:39]} {[%emt 00:00:07]} Bxf3 {[%clk 01:24:22]} {[%emt 00:00:21]}
20. Bxf3 {[%clk 01:10:57]} {[%emt 00:00:12]} Rab8 {[%clk 01:24:13]} {[%emt
00:00:38]} 21. Rxb8 {[%clk 01:10:10]} {[%emt 00:01:19]} Rxb8 {[%clk 01:24:26]}
{[%emt 00:00:17]} 22. Be2 {[%clk 01:09:42]} {[%emt 00:00:59]} c3 {[%clk
01:24:35]} {[%emt 00:00:20]} 23. Bc1 {[%clk 01:08:17]} {[%emt 00:01:54]} Bf4
{[%clk 01:23:31]} {[%emt 00:01:33]} 24. Bxf4 {[%clk 01:06:49]} {[%emt
00:02:00]} Qxf4 {[%clk 01:23:50]} {[%emt 00:00:10]} 25. Qxc3 {[%clk 01:06:44]}
{[%emt 00:00:35]} Rb1+ {[%clk 01:23:00]} {[%emt 00:01:20]} 26. Bf1 {[%clk
01:07:08]} {[%emt 00:00:06]} Rc1 {[%clk 01:20:59]} {[%emt 00:02:30]} 27. Qd3
{[%clk 01:05:46]} {[%emt 00:01:46]} Qc7 {[%clk 01:15:59]} {[%emt 00:05:36]} 28.
g3 {[%clk 01:04:26]} {[%emt 00:01:52]} g6 {[%clk 01:11:00]} {[%emt 00:05:28]}
29. d5 {[%clk 01:01:23]} {[%emt 00:03:33]} exd5 {[%clk 01:07:04]} {[%emt
00:04:27]} 30. Qxd5 {[%clk 01:01:38]} {[%emt 00:00:15]} Qc8 {[%clk 01:06:48]}
{[%emt 00:00:43]} 31. Kg2 {[%clk 01:01:17]} {[%emt 00:00:47]} Qc6 {[%clk
01:07:08]} {[%emt 00:00:16]} 32. Qxc6 {[%clk 01:01:18]} {[%emt 00:00:30]} Rxc6
{[%clk 01:07:33]} {[%emt 00:00:05]} 33. a4 {[%clk 01:00:39]} {[%emt 00:01:09]}
a5 {[%clk 01:07:10]} {[%emt 00:00:53]} 34. Kf3 {[%clk 00:59:52]} {[%emt
00:01:08]} Kg7 {[%clk 01:07:07]} {[%emt 00:00:40]} 35. Ke4 {[%clk 00:59:24]}
{[%emt 00:00:52]} Rc2 {[%clk 01:06:36]} {[%emt 00:01:02]} 36. Kf3 {[%clk
00:59:09]} {[%emt 00:00:52]} f5 {[%clk 01:06:27]} {[%emt 00:00:38]} 37. g4
{[%clk 00:58:18]} {[%emt 00:01:22]} fxg4+ {[%clk 01:06:32]} {[%emt 00:00:24]}
38. hxg4 {[%clk 00:58:41]} {[%emt 00:00:07]} Rb2 {[%clk 01:06:48]} {[%emt
00:00:13]} 39. Kg3 {[%clk 00:58:27]} {[%emt 00:00:45]} Rb3+ {[%clk 01:06:56]}
{[%emt 00:00:22]} 40. f3 {[%clk 00:58:28]} {[%emt 00:00:28]} Kf6 {[%clk
01:06:32]} {[%emt 00:00:56]} 41. Kf2 {[%clk 00:57:01]} {[%emt 00:01:51]} Rb2+
{[%clk 01:06:40]} {[%emt 00:00:26]} 42. Kg3 {[%clk 00:57:24]} {[%emt 00:00:08]}
Rb4 {[%clk 01:03:46]} {[%emt 00:03:23]} 43. Bb5 {[%clk 00:57:27]} {[%emt
00:00:29]} h5 {[%clk 01:02:11]} {[%emt 00:02:04]} 44. gxh5 {[%clk 00:57:49]}
{[%emt 00:00:08]} gxh5 {[%clk 01:02:31]} {[%emt 00:00:09]} 45. f4 {[%clk
00:57:28]} {[%emt 00:00:52]} Kg6 {[%clk 01:02:28]} {[%emt 00:00:31]} 46. Bd3+
{[%clk 00:57:09]} {[%emt 00:00:45]} Kf6 {[%clk 01:01:20]} {[%emt 00:01:43]} 47.
Bb5 {[%clk 00:57:22]} {[%emt 00:00:18]} Rb3+ {[%clk 00:57:50]} {[%emt
00:04:00]} 48. Kh4 {[%clk 00:56:20]} {[%emt 00:01:31]} Kf5 {[%clk 00:57:59]}
{[%emt 00:00:22]} 49. Be8 {[%clk 00:53:47]} {[%emt 00:03:03]} Ra3 {[%clk
00:57:31]} {[%emt 00:00:58]} 50. Bd7+ {[%clk 00:53:32]} {[%emt 00:00:45]} Kxf4
{[%clk 00:57:22]} {[%emt 00:00:39]} 51. Kxh5 {[%clk 00:53:53]} {[%emt
00:00:10]} Ke5 {[%clk 00:57:17]} {[%emt 00:00:33]} 52. Kg4 {[%clk 00:53:55]}
{[%emt 00:00:24]} Re3 {[%clk 00:56:49]} {[%emt 00:01:00]} 53. Bc6 {[%clk
00:53:21]} {[%emt 00:01:07]} Kd4 {[%clk 00:56:23]} {[%emt 00:00:55]} 54. Kf4
{[%clk 00:53:09]} {[%emt 00:00:44]} Re1 {[%clk 00:56:26]} {[%emt 00:00:24]} 55.
Kf3 {[%clk 00:52:28]} {[%emt 00:01:13]} Kc4 {[%clk 00:50:51]} {[%emt 00:06:05]}
56. Kf2 {[%clk 00:51:26]} {[%emt 00:01:33]} Re6 {[%clk 00:49:57]} {[%emt
00:01:17]} 57. Bb5+ {[%clk 00:51:08]} {[%emt 00:00:54]} Kb4 {[%clk 00:50:10]}
{[%emt 00:00:18]} 58. Bd7 {[%clk 00:51:10]} {[%emt 00:00:15]} Re7 {[%clk
00:49:12]} {[%emt 00:01:40]} 59. Bc6 {[%clk 00:50:59]} {[%emt 00:00:23]} Ka3
{[%clk 00:49:06]} {[%emt 00:00:54]} 60. Kf3 {[%clk 00:51:12]} {[%emt 00:00:17]}
Kb3 {[%clk 00:46:23]} {[%emt 00:03:13]} 61. Kf4 {[%clk 00:49:39]} {[%emt
00:02:01]} Re1 {[%clk 00:46:30]} {[%emt 00:00:25]} 62. Kf3 {[%clk 00:49:20]}
{[%emt 00:00:49]} Re5 {[%clk 00:42:42]} {[%emt 00:04:17]} 63. Bb5 {[%clk
00:46:35]} {[%emt 00:03:15]} Re7 {[%clk 00:38:48]} {[%emt 00:04:25]} 64. Kf4
{[%clk 00:44:39]} {[%emt 00:02:15]} Re6 {[%clk 00:38:04]} {[%emt 00:01:24]} 65.
Kf3 {[%clk 00:44:42]} {[%emt 00:00:29]} Re5 {[%clk 00:37:27]} {[%emt 00:01:03]}
66. Kf4 {[%clk 00:45:01]} {[%emt 00:00:15]} Re7 {[%clk 00:36:56]} {[%emt
00:01:01]} 67. Kf3 {[%clk 00:45:21]} {[%emt 00:00:09]} Kc3 {[%clk 00:37:20]}
{[%emt 00:00:06]} 68. Kf4 {[%clk 00:43:50]} {[%emt 00:01:54]} Kd4 {[%clk
00:37:06]} {[%emt 00:00:52]} 69. Kf3 {[%clk 00:42:29]} {[%emt 00:01:50]} Re3+
{[%clk 00:36:26]} {[%emt 00:01:09]} 70. Kf2 {[%clk 00:42:16]} {[%emt 00:00:36]}
Ke4 {[%clk 00:35:04]} {[%emt 00:01:58]} 71. Bc6+ {[%clk 00:42:10]} {[%emt
00:00:34]} Kf4 {[%clk 00:35:22]} {[%emt 00:00:15]} 72. Bb5 {[%clk 00:40:06]}
{[%emt 00:02:36]} Re5 {[%clk 00:34:37]} {[%emt 00:01:08]} 73. Bc6 {[%clk
00:32:54]} {[%emt 00:07:49]} Kf5 {[%clk 00:33:22]} {[%emt 00:01:43]} 74. Kf3
{[%clk 00:32:25]} {[%emt 00:00:56]} Ke6 {[%clk 00:33:36]} {[%emt 00:00:20]} 75.
Be4 {[%clk 00:30:04]} {[%emt 00:02:49]} Kd6 {[%clk 00:33:37]} {[%emt 00:00:32]}
76. Ke3 {[%clk 00:29:56]} {[%emt 00:00:23]} Kc5 {[%clk 00:33:48]} {[%emt
00:00:34]} 77. Kf4 {[%clk 00:29:55]} {[%emt 00:00:26]} Kd4 {[%clk 00:32:11]}
{[%emt 00:02:10]} 78. Bd3 {[%clk 00:25:40]} {[%emt 00:04:43]} Re7 {[%clk
00:30:54]} {[%emt 00:01:49]} 79. Bb5 {[%clk 00:25:31]} {[%emt 00:00:40]} Rf7
{[%clk 00:31:02]} {[%emt 00:00:21]} 80. Kg5 {[%clk 00:25:23]} {[%emt 00:00:32]}
Kc3 {[%clk 00:30:43]} {[%emt 00:00:53]} 81. Kg4 {[%clk 00:25:15]} {[%emt
00:00:41]} Kb3 {[%clk 00:30:17]} {[%emt 00:00:54]} 82. Bc6 {[%clk 00:25:05]}
{[%emt 00:00:42]} Rf1 {[%clk 00:29:50]} {[%emt 00:00:57]} 83. Kg3 {[%clk
00:21:30]} {[%emt 00:04:06]} 0-1